Soil management and organic farming
| Main Author: | |
|---|---|
| Format: | Book |
| Published: |
India :
Agrobios ,
2006
|
| Subjects: |
MARC
| LEADER | 00000cam a2200000 7i4500 | ||
|---|---|---|---|
| 001 | 0000017864 | ||
| 005 | 20080530.0 | ||
| 008 | 080530 | ||
| 020 | |a 8177542664 | ||
| 090 | 0 | 0 | |a 631.46 |b PAN |
| 100 | 1 | |a Panda, S. C. | |
| 245 | 1 | 0 | |a Soil management and organic farming |c S. C. Panda |
| 260 | |a India : |b Agrobios , |c 2006 | ||
| 650 | 0 | |a Soil |x Agriculture | |
| 650 | 0 | |a Soil |x Management | |
| 999 | |a 0001019731 |b Book |c REFERENCE |e Perbadanan Perpustakaan Awam Johor | ||